№ 5 : по материалам иностранной печати; Атомная техника за рубежом

Dades bibliogràfiques
Parent link:Атомная техника за рубежом: научно-технический журнал/ СССР Главное управление по использованию атомной энергии. № 5 : по материалам иностранной печати.— , 1956-.— 0320-9326
Autor corporatiu: СССР Главное управление по использованию атомной энергии
Idioma:rus
Publicat: 1956
Matèries:
Format: MixedMaterials Llibre
KOHA link:https://koha.lib.tpu.ru/cgi-bin/koha/opac-detail.pl?biblionumber=583568

MARC

LEADER 00000nam2a2200000 4500
001 583568
005 20231102022129.0
035 |a (RuTPU)RU\TPU\prd\284682 
035 |a RU\TPU\prd\138324 
090 |a 583568 
100 |a 20190606d1958 k y0rusy50 ca 
101 0 |a rus 
102 |a RU 
200 0 |a № 5 : по материалам иностранной печати 
210 |d 1956 
316 |5 63413507: КР-6577  |a На обложке надпись: "т. Воробьеву А. А." 
317 |5 63413507: КР-6577  |a Поступила в НТБ в 1987 г. в дар от вдовы ученого Е. К. Завадовской 
461 1 |0 (RuTPU)RU\TPU\prd\1300  |x 0320-9326  |t Атомная техника за рубежом  |o научно-технический журнал  |f СССР Главное управление по использованию атомной энергии  |v № 5 : по материалам иностранной печати  |d 1956-  
606 1 |a Атомная техника  |2 stltpush  |3 (RuTPU)RU\TPU\subj\29671  |9 52950 
610 1 |a зарубежные страны 
610 1 |a зарубежная печать 
610 1 |a реакторостроение 
610 1 |a атомная промышленность 
610 1 |a материалы 
610 1 |a химическая технология 
610 1 |a отходы 
610 1 |a защита 
610 1 |a удаление 
610 1 |a термоядерные реакции 
610 1 |a использование 
610 1 |a библиотека А. А. Воробьева 
610 1 |a дары библиотеке 
712 0 1 |a СССР  |b Главное управление по использованию атомной энергии  |2 stltpush  |3 (RuTPU)RU\TPU\col\15833  |9 26284 
801 0 |a RU  |b 63413507  |c 20010227  |g PSBO 
801 1 |a RU  |b 63413507  |c 20120316 
801 2 |a RU  |b 63413507  |c 20191101  |g RCR 
942 |c BK 
999 |a НТБ_ТПУ  |b РФ  |e -7/20190109  |h Воробьев  |p КР-6577  |u 0,00  |v 1  |y 13821000826369